<?xml version="1.0" encoding="UTF-8"?>
<record
    xmlns:xsi="http://www.w3.org/2001/XMLSchema-instance"
    xsi:schemaLocation="http://www.loc.gov/MARC21/slim http://www.loc.gov/standards/marcxml/schema/MARC21slim.xsd"
    xmlns="http://www.loc.gov/MARC21/slim">

  <leader>02063nam a2200289Ia 4500</leader>
  <controlfield tag="001">D8480</controlfield>
  <controlfield tag="003">IT-RoPAU</controlfield>
  <controlfield tag="008">130308s9999    xx            000 0 und d</controlfield>
  <datafield tag="040" ind1=" " ind2=" ">
    <subfield code="a">IT-RoPAU</subfield>
  </datafield>
  <datafield tag="040" ind1=" " ind2=" ">
    <subfield code="c">IT-RoPAU</subfield>
  </datafield>
  <datafield tag="041" ind1=" " ind2=" ">
    <subfield code="a">ITALIANO</subfield>
  </datafield>
  <datafield tag="100" ind1=" " ind2=" ">
    <subfield code="a">AA.VV.</subfield>
  </datafield>
  <datafield tag="100" ind1=" " ind2=" ">
    <subfield code="g">Codice Aut. SPICS: 12000</subfield>
  </datafield>
  <datafield tag="245" ind1=" " ind2=" ">
    <subfield code="a">Conoscere Insieme-1995/96-La terra ieri e oggi</subfield>
  </datafield>
  <datafield tag="245" ind1=" " ind2=" ">
    <subfield code="b">Conoscere Insieme-1995/96-La terra ieri e Oggi</subfield>
  </datafield>
  <datafield tag="250" ind1=" " ind2=" ">
    <subfield code="a">1a ed.</subfield>
  </datafield>
  <datafield tag="260" ind1=" " ind2=" ">
    <subfield code="a">ALBA</subfield>
  </datafield>
  <datafield tag="260" ind1=" " ind2=" ">
    <subfield code="b">Periodici San Paolo</subfield>
  </datafield>
  <datafield tag="260" ind1=" " ind2=" ">
    <subfield code="c">1996 [1&#xB0; Ed.:1996 - Ed.Ling.Originale:1996]</subfield>
  </datafield>
  <datafield tag="300" ind1=" " ind2=" ">
    <subfield code="a">"224 p. (prefazione: no ; testo: 224)"</subfield>
  </datafield>
  <datafield tag="500" ind1=" " ind2=" ">
    <subfield code="a">Schede: Figli Illustri: Vincenzo Cuoco (Molise), Cavour (Piemonte), Rodolfo Valentino (Puglia), grazia Deledda (Sardegna), Luigi Pirandello (Sicilia), Laonardo da Vinci (Toscana), Alcide De Gasperi (Trentino Alto Adige), Sanfrancesco (Umbria), Sant'Anselmo (Valle D'Aosta), Emilio Salgari (Veneto).Accadeva nel Xx Secolo: Dalla Nascita dell'Aviazione Alla conquista della Luna. monumenti Universali: Piramidi, Grande Muraglia, Partenone, Petra, Venezia, Mont Saint Michel, torre di Pisa, Citt&#xE0; del Vaticano, Parlamento Dilondra, torre Eiffel. Eroi e Leggende: Elios, Manu, Osiride, Marduk, Orfeo, Itzamn&#xE0;, Odino, Panku, Nayenezgani, Artu'. Tesori Sommersi. Conosci L'Italiano?: Pronome, Aggettivi Pronominali, Preposizioni, Verbo, Avverbio. Comandamenti. pianeta Verde. Obiettivo Sulla Natura. Viaggio nella Musica: Vivaldi, Bach, Mozart, Beethoven, Chopin, Brahms, Verdi. vari Perche': Perche'Il Segno della croce , Perche' regioni con Il Nome al Plurale, Perche' Agnello e Colomba Simboli della Pasqua, Perche' Il Nero Attira Il Calore, Perche' le Zanzare Pungono, Perche' gli Animali vanno in Letargo, Perche' la pelle degli Africani &#xE8; Nera, Perche' si Verificano le Trombe D'Aria. Ricerca:Uccelli Rari, Parassiti, e Pirata, Migrazioni e Fossili. costituzione Italiana e le Istituzioni.</subfield>
  </datafield>
  <datafield tag="650" ind1=" " ind2=" ">
    <subfield code="a">OPERE varie DI CULTURA GENERALE</subfield>
  </datafield>
  <datafield tag="650" ind1=" " ind2=" ">
    <subfield code="e">Codice materia Spics: 1002</subfield>
  </datafield>
  <datafield tag="942" ind1=" " ind2=" ">
    <subfield code="c">BK</subfield>
  </datafield>
  <datafield tag="957" ind1=" " ind2=" ">
    <subfield code="7">1</subfield>
  </datafield>
  <datafield tag="999" ind1=" " ind2=" ">
    <subfield code="c">87453</subfield>
    <subfield code="d">87453</subfield>
  </datafield>
  <datafield tag="999" ind1=" " ind2=" ">
    <subfield code="g">1</subfield>
  </datafield>
  <datafield tag="952" ind1=" " ind2=" ">
    <subfield code="0">0</subfield>
    <subfield code="1">0</subfield>
    <subfield code="4">0</subfield>
    <subfield code="6">D_000000000000000_8480</subfield>
    <subfield code="7">1</subfield>
    <subfield code="a">SPICS</subfield>
    <subfield code="b">SPICS</subfield>
    <subfield code="d">2013-03-08</subfield>
    <subfield code="l">0</subfield>
    <subfield code="o">D8480</subfield>
    <subfield code="r">2013-03-08 00:00:00</subfield>
    <subfield code="w">2013-03-08</subfield>
    <subfield code="y">BK</subfield>
    <subfield code="z">Progressivo inserimento:  270 /  N. Volumi: 1 Copie: 1  / data import: 1 marzo 2013 - By Epidotti, Trombetti, Vaglietti. </subfield>
  </datafield>
</record>
